[Event "Szachowe Lato Poznan 2011, OPEN"]
[Site "WSUS, Poznan"]
[Date "2011.??.??"]
[Round "4.1"]
[White "Urban, Klaudiusz"]
[Black "Moranda, Wojciech"]
[Result "1/2-1/2"]
[WhiteElo "2456"]
[BlackElo "2586"]
[PlyCount "60"]
[EventDate "2011.??.??"]

1. d4 Nf6 2. c4 g6 3. Nf3 Bg7 4. g3 O-O 5. Bg2 c5 6. Nc3 cxd4 7. Nxd4 Qc7 8.
Nd5 Nxd5 9. cxd5 Qa5+ 10. Bd2 Qb6 11. Bc3 d6 12. O-O Nd7 13. Rc1 a5 14. Qd2 Nc5
15. b3 Bh3 16. Bxh3 Ne4 17. Qd3 Nxc3 18. Rxc3 Bxd4 19. Rc4 Bf6 20. Re1 Qa6 21.
e3 a4 22. bxa4 b5 23. axb5 Qxb5 24. Rb1 Qa5 25. a4 Rab8 26. Rxb8 Rxb8 27. Rc8+
Rxc8 28. Bxc8 Qxa4 29. h4 Qa1+ 30. Qf1 Qxf1+ 1/2-1/2

[Event "Szachowe Lato Poznan 2011, OPEN"]
[Site "WSUS, Poznan"]
[Date "2011.??.??"]
[Round "4.2"]
[White "Tomczak, Jacek"]
[Black "Sliwerski, Radoslaw"]
[Result "1-0"]
[WhiteElo "2548"]
[BlackElo "2174"]
[PlyCount "67"]
[EventDate "2011.??.??"]

1. e4 c5 2. Nf3 d6 3. d4 cxd4 4. Nxd4 Nf6 5. Nc3 a6 6. Bc4 e6 7. Bb3 b5 8. O-O
Be7 9. Qf3 Qc7 10. Qg3 O-O 11. Bh6 Ne8 12. Rad1 Bd7 13. f4 Nc6 14. Nxc6 Bxc6
15. f5 Kh8 16. f6 gxh6 17. fxe7 Qxe7 18. Qf2 Qa7 19. Qxa7 Rxa7 20. Bxe6 Re7 21.
Bf5 Re5 22. Rf4 b4 23. Ne2 d5 24. Nd4 Bb7 25. Nf3 Re7 26. exd5 Nd6 27. Bd3 a5
28. Rf6 Rd8 29. Rxh6 f5 30. Nh4 Rg7 31. Rxd6 Rxd6 32. Nxf5 Rxd5 33. Nxg7 Kxg7
34. Re1 1-0

[Event "Szachowe Lato Poznan 2011, OPEN"]
[Site "WSUS, Poznan"]
[Date "2011.??.??"]
[Round "4.3"]
[White "Chojnacki, Krzysztof"]
[Black "Szelag, Marcin"]
[Result "1-0"]
[WhiteElo "2437"]
[BlackElo "2478"]
[PlyCount "93"]
[EventDate "2011.??.??"]

1. d4 Nf6 2. c4 g6 3. Nc3 Bg7 4. e4 d6 5. Nf3 O-O 6. Be2 e5 7. Be3 Ng4 8. Bg5
f6 9. Bc1 Nc6 10. d5 Nd4 11. h3 Nxe2 12. Qxe2 Nh6 13. g4 Nf7 14. Be3 c5 15. Nd2
a6 16. f3 b5 17. h4 Rb8 18. h5 Re8 19. hxg6 hxg6 20. Qh2 Ng5 21. O-O-O Kf7 22.
f4 exf4 23. Bxf4 b4 24. Ncb1 Nxe4 25. Nxe4 Rxe4 26. Nd2 Rd4 27. Bxd6 Rb7 28. g5
b3 29. a3 Bf5 30. Rdf1 Rd7 31. Rxf5 Rxd6 32. Rxf6+ Bxf6 33. Qh7+ Kf8 34. gxf6
Qxf6 35. Rf1 Rxc4+ 36. Kb1 Qxf1+ 37. Nxf1 Rxd5 38. Nd2 Rg4 39. Nxb3 c4 40. Nd2
a5 41. Qc7 Rdd4 42. Nf3 Rdf4 43. Ne5 Rg1+ 44. Ka2 Rff1 45. Qxc4 Kg7 46. Qc7+
Kh6 47. Qxa5 1-0

[Event "Szachowe Lato Poznan 2011, OPEN"]
[Site "WSUS, Poznan"]
[Date "2011.??.??"]
[Round "4.4"]
[White "Musialkiewicz, Pawel"]
[Black "Musialkiewicz, Jan"]
[Result "1/2-1/2"]
[WhiteElo "1961"]
[BlackElo "2150"]
[PlyCount "56"]
[EventDate "2011.??.??"]

1. e4 c5 2. Nf3 d6 3. d4 cxd4 4. Nxd4 Nf6 5. Nc3 a6 6. Bg5 e6 7. f4 Nbd7 8. Qf3
Qc7 9. O-O-O b5 10. e5 Bb7 11. Qh3 dxe5 12. Nxe6 fxe6 13. Qxe6+ Be7 14. Bxb5
axb5 15. Nxb5 Qc6 16. Nd6+ Kd8 17. fxe5 Kc7 18. Qxe7 Rxa2 19. exf6 Ra1+ 20. Kd2
Qd5+ 21. Kc3 Qa5+ 22. Kd3 Qd5+ 23. Kc3 Qa5+ 24. Kd3 Qd5+ 25. Kc3 Qa5+ 26. Kd3
Qd5+ 27. Kc3 Qa5+ 28. Kd3 Qd5+ 1/2-1/2

[Event "Szachowe Lato Poznan 2011, OPEN"]
[Site "WSUS, Poznan"]
[Date "2011.??.??"]
[Round "4.5"]
[White "Shishkin, Vadim"]
[Black "Jaskowski, Tadeusz"]
[Result "1-0"]
[WhiteElo "2457"]
[BlackElo "1914"]
[PlyCount "71"]
[EventDate "2011.??.??"]

1. d4 Nf6 2. Nf3 d6 3. c4 c6 4. Nc3 g6 5. e4 Bg7 6. Be2 O-O 7. O-O h6 8. h3 Kh7
9. e5 Ng8 10. Bf4 d5 11. b4 e6 12. a4 dxc4 13. Bxc4 Ne7 14. Ne4 Nd5 15. Qd2 Nd7
16. a5 a6 17. Rfe1 Qe7 18. Rab1 Rh8 19. Bg3 Kg8 20. Nd6 b5 21. Bxd5 exd5 22.
Rbc1 Nf8 23. Rxc6 Bd7 24. Rb6 Ra7 25. Rc1 Qd8 26. Bh4 g5 27. Bg3 Qa8 28. Nh2
Ng6 29. Qd3 Ne7 30. Ng4 Be6 31. Nf6+ Bxf6 32. exf6 Ng6 33. Nxb5 Nf4 34. Bxf4
gxf4 35. Nxa7 Qxa7 36. Rxe6 1-0

[Event "Szachowe Lato Poznan 2011, OPEN"]
[Site "WSUS, Poznan"]
[Date "2011.??.??"]
[Round "4.6"]
[White "Bernat, Marcin"]
[Black "Rusinski, Mateusz"]
[Result "1-0"]
[WhiteElo "2138"]
[BlackElo "1899"]
[PlyCount "108"]
[EventDate "2011.??.??"]

1. d4 Nf6 2. c4 g6 3. Nc3 Bg7 4. e4 d6 5. f3 O-O 6. Be3 Nbd7 7. Qd2 Re8 8. Nge2
c5 9. Rd1 cxd4 10. Nxd4 Ne5 11. Be2 Bd7 12. O-O Rc8 13. b3 Qa5 14. Rc1 Red8 15.
Rfd1 Nc6 16. Bf1 Nxd4 17. Bxd4 Ra8 18. Rc2 Qh5 19. Be3 Bc6 20. Ne2 b6 21. Nf4
Qe5 22. Nd3 Qe6 23. Nf4 Qc8 24. Nd5 Qb7 25. a4 Be8 26. Rdc1 Rac8 27. Bg5 Nxd5
28. cxd5 f6 29. Be3 Bd7 30. Bb5 Rxc2 31. Rxc2 Rc8 32. Bc6 Qc7 33. b4 Be8 34. b5
Bf7 35. Ra2 e6 36. a5 exd5 37. axb6 axb6 38. exd5 f5 39. Ra6 Rb8 40. Qf2 Bc3
41. Rxb6 Rxb6 42. Bxb6 Qe7 43. Qe3 Qf6 44. f4 h6 45. h4 Kf8 46. g3 Ba1 47. Qd2
Ke7 48. Bf2 Bc3 49. Qe3+ Kf8 50. b6 Ba5 51. Qd4 Qd8 52. b7 h5 53. Qh8+ Bg8 54.
Bd4 Qc7 1-0

[Event "Szachowe Lato Poznan 2011, OPEN"]
[Site "WSUS, Poznan"]
[Date "2011.??.??"]
[Round "4.7"]
[White "Chojnacki, Tomasz"]
[Black "Bartkowiak, Damian"]
[Result "1/2-1/2"]
[WhiteElo "1874"]
[BlackElo "2123"]
[PlyCount "62"]
[EventDate "2011.??.??"]

1. e4 c5 2. Nf3 Nc6 3. d4 cxd4 4. Nxd4 e5 5. Nb5 a6 6. N5c3 h6 7. Nd5 Nf6 8.
Nbc3 Nxd5 9. Nxd5 Bc5 10. Qg4 Kf8 11. c3 d6 12. Qg3 Be6 13. b4 Ba7 14. Bc4 Ne7
15. O-O Rc8 16. Qd3 Ng6 17. Bb3 Kg8 18. Kh1 Qh4 19. f4 exf4 20. Bxf4 Ne5 21.
Bxe5 dxe5 22. Rf3 Kh7 23. Nf6+ gxf6 24. Bxe6 Rhd8 25. Bf5+ Kh8 26. Qe2 Rc6 27.
Raf1 Rcd6 28. Qc4 Qh5 29. g4 Qg5 30. Qxf7 Qg7 31. Qc4 Rc6 1/2-1/2

[Event "Szachowe Lato Poznan 2011, OPEN"]
[Site "WSUS, Poznan"]
[Date "2011.??.19"]
[Round "4.8"]
[White "Stachowiak, Slawomir"]
[Black "Szymanski, Leszek"]
[Result "1-0"]
[WhiteElo "2023"]
[BlackElo "1840"]
[PlyCount "66"]
[EventDate "2011.??.??"]

1. e4 c5 2. Nf3 Nc6 3. d4 cxd4 4. Nxd4 e6 5. Nb5 d6 6. N1c3 a6 7. Nd4 Qb6 8.
Nb3 Nf6 9. Be2 Be7 10. O-O O-O 11. Be3 Qc7 12. f4 b5 13. Bf3 Bb7 14. Rc1 Rac8
15. Qe1 Na5 16. Nxa5 Qxa5 17. e5 Bxf3 18. exf6 Bxf6 19. Rxf3 b4 20. Ne2 Qa4 21.
c4 a5 22. Qd2 Qxa2 23. Qd3 Rc6 24. Rf2 a4 25. Bd2 Rfc8 26. Bxb4 Rxc4 27. Rxc4
Qxc4 28. Qxc4 Rxc4 29. Bc3 a3 30. Ng3 a2 31. Rf1 Ra4 32. Ra1 Bxc3 33. bxc3 Ra3
1-0

[Event "Szachowe Lato Poznan 2011, OPEN"]
[Site "WSUS, Poznan"]
[Date "2011.??.19"]
[Round "4.9"]
[White "Simon, Marek"]
[Black "Bajerlein, Dawid"]
[Result "0-1"]
[WhiteElo "1819"]
[BlackElo "2016"]
[PlyCount "72"]
[EventDate "2011.??.??"]

1. d4 c5 2. d5 e5 3. e4 d6 4. c4 g6 5. Nc3 Bg7 6. Be3 Ne7 7. Qd2 f5 8. f3 Nd7
9. Nge2 Nf6 10. h3 f4 11. Bf2 g5 12. Nc1 h5 13. Bd3 Ng6 14. a3 b6 15. a4 a5 16.
N1e2 Ke7 17. O-O-O g4 18. hxg4 hxg4 19. Rdg1 Bd7 20. Qd1 Qc7 21. Kc2 Rag8 22.
Nc1 Qb8 23. Be2 g3 24. Rxh8 Rxh8 25. Be1 Rh2 26. Kb1 Nh7 27. Bf1 Nh4 28. Bd2
Ng5 29. Nd3 Ng6 30. Ne1 Kd8 31. Bd3 Kc7 32. b3 Qa8 33. Bc1 Qh8 34. Ne2 Rh1 35.
Rxh1 Qxh1 36. Qd2 Nh7 0-1

[Event "Szachowe Lato Poznan 2011, OPEN"]
[Site "WSUS, Poznan"]
[Date "2011.??.19"]
[Round "4.11"]
[White "Wesolowski, Edgar"]
[Black "Niekras, Dawid"]
[Result "1-0"]
[WhiteElo "1983"]
[BlackElo "1797"]
[PlyCount "121"]
[EventDate "2011.??.??"]

1. c4 e6 2. e4 d5 3. cxd5 exd5 4. exd5 Nf6 5. Bb5+ Bd7 6. Bc4 Bd6 7. Qe2+ Be7
8. Nf3 Bg4 9. h3 Bh5 10. Nc3 c6 11. dxc6 Nxc6 12. g4 Bg6 13. d3 a6 14. Bg5 O-O
15. Rd1 Re8 16. Be3 b5 17. Bb3 Nb4 18. Ne5 Bd6 19. Nxg6 hxg6 20. O-O Qe7 21.
Qf3 Qe5 22. Qg2 Bc7 23. Rfe1 Rad8 24. f4 Qd6 25. Ne4 Qd7 26. Nxf6+ gxf6 27. a3
Nd5 28. Bxd5 Qxd5 29. Qxd5 Rxd5 30. Kf2 f5 31. Rc1 Ba5 32. b4 Bd8 33. Ke2 Re6
34. Rc5 Red6 35. Rxd5 Rxd5 36. Rc1 fxg4 37. hxg4 Rd6 38. Kd2 Bf6 39. Rc8+ Kg7
40. g5 Bb2 41. Rc2 Bd4 42. Bxd4+ Rxd4 43. Ke3 Rd6 44. d4 Kf8 45. Ke4 Re6+ 46.
Kd3 Rd6 47. Rc7 Ke8 48. Ra7 f5 49. gxf6 Rxf6 50. Ke4 Re6+ 51. Kd5 Rf6 52. Ke5
Rf5+ 53. Ke4 Rf6 54. d5 Kd8 55. Rg7 Kc8 56. Ke5 Rf5+ 57. Kd6 Rf6+ 58. Kc5 Rxf4
59. Rxg6 Rc4+ 60. Kb6 Rc3 61. Rc6+ 1-0

[Event "Szachowe Lato Poznan 2011, OPEN"]
[Site "WSUS, Poznan"]
[Date "2011.??.??"]
[Round "4.12"]
[White "Kozlowski, Tomasz"]
[Black "Zielewicz, Piotr"]
[Result "1-0"]
[WhiteElo "1958"]
[BlackElo "1773"]
[PlyCount "52"]
[EventDate "2011.??.??"]

1. e4 c5 2. Nc3 d6 3. f4 Nc6 4. Nf3 a6 5. a4 Nf6 6. d3 g6 7. h3 Nh5 8. g4 Ng3
9. Rg1 Nxf1 10. Kxf1 h5 11. f5 e6 12. fxg6 fxg6 13. Bg5 Be7 14. gxh5 e5 15.
hxg6 Bxh3+ 16. Kf2 Bxg5 17. Nxg5 Rf8+ 18. Ke3 Qf6 19. Nxh3 Nd4 20. Nd5 Qg7 21.
Kd2 Qh6+ 22. Kc3 O-O-O 23. Qg4+ Kb8 24. g7 Rg8 25. Rg2 Ka8 26. Rh1 Ne6 1-0

[Event "Szachowe Lato Poznan 2011, OPEN"]
[Site "WSUS, Poznan"]
[Date "2011.??.19"]
[Round "4.13"]
[White "Jablonski, Grzegorz"]
[Black "Glatty, Zbigniew"]
[Result "0-1"]
[WhiteElo "1618"]
[BlackElo "1950"]
[PlyCount "90"]
[EventDate "2011.??.??"]

1. e4 e5 2. Bc4 Nc6 3. Nf3 Bc5 4. Nc3 d6 5. h3 Nf6 6. d3 h6 7. a3 a6 8. Qe2 Qe7
9. Bd2 Be6 10. Bd5 Bxd5 11. exd5 Nd4 12. Nxd4 exd4 13. Qxe7+ Kxe7 14. Ne4 Nxd5
15. O-O Bb6 16. Rfe1 Kd7 17. Ng3 g6 18. Re2 Rae8 19. Rae1 Rxe2 20. Rxe2 c5 21.
Re4 Bd8 22. c4 dxc3 23. bxc3 Ba5 24. Ne2 b5 25. d4 h5 26. dxc5 dxc5 27. Re5 Kd6
28. f4 Bc7 29. Ng3 c4 30. Re4 Kd7 31. Kh2 Re8 32. Rd4 Kc6 33. Bc1 Nxc3 34. Bb2
Ne2 35. Nxe2 Rxe2 36. Bc3 Bd6 37. Rd1 Bxa3 38. Be5 Rxe5 39. fxe5 c3 40. Rd8 Kc7
41. Rd3 b4 42. Rf3 c2 43. Rxf7+ Kd8 44. e6 c1=Q 45. e7+ Ke8 0-1

[Event "Szachowe Lato Poznan 2011, OPEN"]
[Site "WSUS, Poznan"]
[Date "2011.??.??"]
[Round "4.14"]
[White "Rozumek, Krzysztof"]
[Black "Jarmuzek, Karolina"]
[Result "1-0"]
[WhiteElo "1929"]
[BlackElo "1559"]
[PlyCount "75"]
[EventDate "2011.??.??"]

1. h3 d5 2. c3 c5 3. d4 cxd4 4. cxd4 Nc6 5. Nf3 Nf6 6. a3 Bf5 7. Nc3 e6 8. Bf4
Be7 9. e3 O-O 10. Bd3 Bxd3 11. Qxd3 Qb6 12. O-O Rac8 13. b4 h6 14. Rfc1 Qd8 15.
Qb5 Qd7 16. Qd3 Rfe8 17. Rc2 Qd8 18. Qb5 Qd7 19. Rac1 Bf8 20. Ne5 Nxe5 21. dxe5
Rxc3 22. Qxd7 Rxc2 23. exf6 Rxc1+ 24. Kh2 Rec8 25. fxg7 Bxg7 26. e4 R1c4 27.
exd5 exd5 28. Qxb7 d4 29. Bd6 d3 30. Bc5 Be5+ 31. g3 Rd8 32. Qe7 Bxg3+ 33. Kxg3
Ra8 34. Qd7 Rc3 35. Qg4+ Kh7 36. Qe4+ f5 37. Qxf5+ Kh8 38. Qf6+ 1-0

[Event "Szachowe Lato Poznan 2011, OPEN"]
[Site "WSUS, Poznan"]
[Date "2011.??.??"]
[Round "4.15"]
[White "Gorniewicz, Oskar"]
[Black "Raczynski, Krzysztof"]
[Result "1-0"]
[WhiteElo "1914"]
[BlackElo "1494"]
[PlyCount "83"]
[EventDate "2011.??.??"]

1. d4 Nf6 2. c4 e6 3. a3 b6 4. Nc3 Bb7 5. f3 c5 6. d5 exd5 7. cxd5 d6 8. e4 a6
9. Bd3 Nbd7 10. Nge2 g6 11. O-O Bg7 12. Bf4 Qe7 13. Qd2 Ne5 14. Bc2 h6 15. Bxe5
Qxe5 16. f4 Qe7 17. Rae1 Nd7 18. Ng3 h5 19. Nh1 h4 20. Nf2 Bc8 21. Nd3 O-O 22.
Bd1 Re8 23. Bf3 Rb8 24. g4 hxg3 25. hxg3 Bd4+ 26. Kg2 Qd8 27. g4 b5 28. Kg3 Nb6
29. f5 g5 30. Rh1 Qf6 31. Rh5 Nc4 32. Qxg5+ Qxg5 33. Rxg5+ Kf8 34. Nd1 a5 35.
Rh5 b4 36. axb4 axb4 37. g5 Ke7 38. Rh7 Rf8 39. g6 Ba6 40. Bh5 Nd2 41. Nf4 Be5
42. Kg4 1-0

[Event "Szachowe Lato Poznan 2011, OPEN"]
[Site "WSUS, Poznan"]
[Date "2011.??.??"]
[Round "4.17"]
[White "Palasz, Miroslaw"]
[Black "Nawrocki, Przemyslaw"]
[Result "0-1"]
[WhiteElo "1703"]
[BlackElo "2059"]
[PlyCount "58"]
[EventDate "2011.??.??"]

1. d4 Nf6 2. Nf3 g6 3. Nc3 d5 4. g3 Bg7 5. Bg2 O-O 6. O-O c5 7. Bf4 cxd4 8.
Nxd4 Nc6 9. Nf3 Re8 10. Bg5 Ne4 11. Bd2 Nxd2 12. Qxd2 d4 13. Na4 Qd6 14. Rad1
Rb8 15. c4 e5 16. c5 Qe6 17. b4 Qc4 18. Rb1 Qb5 19. Qd1 Bf5 20. Rb2 e4 21. Ng5
d3 22. Qb3 dxe2 23. Qxf7+ Kh8 24. Qb3 Re7 25. Re1 Nd4 26. Nf7+ Rxf7 27. Qxf7
Qxa4 28. Rd2 Qxb4 29. Qc7 Rc8 0-1

[Event "Szachowe Lato Poznan 2011, OPEN"]
[Site "WSUS, Poznan"]
[Date "2011.??.??"]
[Round "4.18"]
[White "Kaczmarczyk, Pawel"]
[Black "Cholewa, Maria"]
[Result "1/2-1/2"]
[WhiteElo "1635"]
[BlackElo "1857"]
[PlyCount "61"]
[EventDate "2011.??.??"]

1. e4 e5 2. Nf3 Nc6 3. d4 exd4 4. c3 d5 5. exd5 Qxd5 6. cxd4 Bg4 7. Nc3 Bb4 8.
Be2 Bxf3 9. Bxf3 Qc4 10. Be3 Bxc3+ 11. bxc3 Qxc3+ 12. Kf1 Nge7 13. Rc1 Qa5 14.
d5 Ne5 15. Bc5 N7g6 16. d6 O-O 17. dxc7 Rfe8 18. Bd6 Nxf3 19. gxf3 Qa6+ 20. Kg2
Nh4+ 21. Kh3 Nf5 22. Bg3 Rac8 23. Qd7 Qe6 24. Qxe6 Rxe6 25. Rhd1 Kf8 26. Rd8+
Re8 27. Bd6+ Nxd6 28. Rxd6 Re7 29. Rd8+ Re8 30. Rd7 Re7 31. Rd8+ 1/2-1/2

[Event "Szachowe Lato Poznan 2011, OPEN"]
[Site "WSUS, Poznan"]
[Date "2011.??.19"]
[Round "4.19"]
[White "Rys, Marek"]
[Black "Kupsik, Joanna"]
[Result "1/2-1/2"]
[WhiteElo "1811"]
[BlackElo "1696"]
[PlyCount "95"]
[EventDate "2011.??.??"]

1. d4 d5 2. Nf3 Nf6 3. Bf4 c5 4. e3 Nc6 5. c3 e6 6. Ne5 a6 7. Bd3 cxd4 8. exd4
Be7 9. Nd2 h6 10. Qe2 Nd7 11. O-O Bg5 12. Nxc6 bxc6 13. Bg3 O-O 14. f4 Bh4 15.
Qg4 Bxg3 16. Qxg3 c5 17. Nf3 cxd4 18. Nxd4 Nf6 19. Qh4 Re8 20. Rae1 Nd7 21. Qh5
Nc5 22. Bc2 Bd7 23. f5 Qg5 24. Qxg5 hxg5 25. fxe6 Bxe6 26. Nxe6 Nxe6 27. Re5
Rad8 28. Rfe1 Nc7 29. Rxe8+ Rxe8 30. Rxe8+ Nxe8 31. Kf2 Kf8 32. Ke3 Ke7 33. b4
Kd7 34. Bd3 Nc7 35. a4 f6 36. g3 Kc6 37. Kd4 Ne6+ 38. Ke3 Nc7 39. g4 Kd6 40.
Bf5 Ke5 41. Bc8 g6 42. Bd7 f5 43. h3 f4+ 44. Kd3 Kd6 45. Bc8 Ke5 46. Bb7 Kd6
47. Kd4 Ne6+ 48. Kd3 1/2-1/2

[Event "Szachowe Lato Poznan 2011, OPEN"]
[Site "WSUS, Poznan"]
[Date "2011.??.??"]
[Round "4.21"]
[White "Kaczmarek, Piotr"]
[Black "Wisniewski, Wieslaw"]
[Result "1-0"]
[WhiteElo "1848"]
[BlackElo "1597"]
[PlyCount "45"]
[EventDate "2011.??.??"]

1. c4 Nf6 2. Nc3 e6 3. g3 Be7 4. Bg2 c6 5. Nf3 d5 6. b3 Nbd7 7. O-O O-O 8. d3
b6 9. Bb2 Bb7 10. Rc1 Rc8 11. e3 h6 12. Qe2 Nh7 13. Rfd1 Ng5 14. Ne1 f6 15. f4
Nf7 16. Nc2 Ba8 17. Nd4 Nc5 18. Bh3 e5 19. Bxc8 exd4 20. exd4 Re8 21. Bg4 Nb7
22. Re1 Nbd6 23. Bh5 1-0

[Event "Szachowe Lato Poznan 2011, OPEN"]
[Site "WSUS, Poznan"]
[Date "2011.??.??"]
[Round "4.22"]
[White "Lisiecki, Robert"]
[Black "Lambucki, Lukasz"]
[Result "0-1"]
[WhiteElo "1510"]
[BlackElo "1844"]
[PlyCount "50"]
[EventDate "2011.??.??"]

1. g3 d5 2. Bg2 e5 3. b3 Be6 4. Bb2 Nd7 5. e3 Ngf6 6. d4 e4 7. Nd2 Bd6 8. Ne2
Nf8 9. c4 c6 10. O-O Ng6 11. Nc3 Rc8 12. f4 Qd7 13. Qc2 h5 14. Rf2 h4 15. c5
Bb8 16. Nf1 hxg3 17. Nxg3 Ng4 18. f5 Bxg3 19. hxg3 Bxf5 20. Rd2 Qc7 21. Rf1 Be6
22. Bxe4 Qxg3+ 23. Rg2 Qxe3+ 24. Rgf2 Nf4 25. Bh7 Nh3+ 0-1

[Event "Szachowe Lato Poznan 2011, OPEN"]
[Site "WSUS, Poznan"]
[Date "2011.??.??"]
[Round "4.23"]
[White "Stefanski, Stefan"]
[Black "Jedrzejczak, Przemyslaw"]
[Result "0-1"]
[WhiteElo "1503"]
[BlackElo "1814"]
[PlyCount "68"]
[EventDate "2011.??.??"]

1. e4 c5 2. Nf3 d6 3. d4 cxd4 4. Nxd4 Nf6 5. Nc3 a6 6. h3 e6 7. Be3 Be7 8. Qd2
b5 9. a3 Bb7 10. f3 Nbd7 11. Be2 Rc8 12. g4 Ne5 13. Rg1 Nfd7 14. g5 Nb6 15.
O-O-O Nec4 16. Qd3 Ne5 17. Qd2 Nbc4 18. Bxc4 Nxc4 19. Qf2 Nxa3 20. Rd2 Nc4 21.
Re2 b4 22. Na4 d5 23. b3 Ne5 24. Rd2 Nd7 25. exd5 Bxd5 26. Kb2 Qc7 27. Rd3 O-O
28. f4 Be4 29. Rd2 Nc5 30. Nxc5 Qxc5 31. Ne2 Qc7 32. Nd4 Qc3+ 33. Kb1 Rc5 34.
Rc1 Ra5 0-1

[Event "Szachowe Lato Poznan 2011, OPEN"]
[Site "WSUS, Poznan"]
[Date "2011.??.??"]
[Round "4.24"]
[White "Pawlowski, Rafal"]
[Black "Hoffmann, Piotr"]
[Result "0-1"]
[WhiteElo "1462"]
[BlackElo "1771"]
[PlyCount "72"]
[EventDate "2011.??.??"]

1. e4 e5 2. Nc3 Nf6 3. f4 d5 4. fxe5 Nxe4 5. Nf3 Bg4 6. Bd3 Nxc3 7. dxc3 Bc5 8.
h3 Bh5 9. Bf4 Nc6 10. g4 Bg6 11. Qe2 Qd7 12. Bb5 a6 13. Ba4 b5 14. Bb3 Na5 15.
Ng5 O-O 16. O-O-O Nxb3+ 17. axb3 Rae8 18. Qg2 c6 19. h4 h6 20. Nf3 Be4 21. Rhe1
Qe6 22. h5 f6 23. Qg3 fxe5 24. Nxe5 Rxf4 25. Qxf4 Qxe5 26. Qf1 Rf8 27. Qh3 Qg5+
28. Kb1 Rf3 29. Qh2 Rf4 30. b4 Be7 31. Rf1 Rxf1 32. Rxf1 Qxg4 33. Qc7 Qg2 34.
Qc8+ Kh7 35. Rf8 Qxc2+ 36. Ka2 Qa4# 0-1

[Event "Szachowe Lato Poznan 2011, OPEN"]
[Site "WSUS, Poznan"]
[Date "2011.??.??"]
[Round "4.25"]
[White "Zak, Pawel"]
[Black "Choremska, Zuzanna"]
[Result "1-0"]
[WhiteElo "1743"]
[BlackElo "1469"]
[PlyCount "77"]
[EventDate "2011.??.??"]

1. b4 d5 2. Bb2 e6 3. Nf3 Nf6 4. a3 c5 5. bxc5 Bxc5 6. d4 Bb6 7. e3 Nc6 8. Bd3
O-O 9. O-O Re8 10. Nbd2 Bc7 11. c4 b6 12. cxd5 exd5 13. Qc2 Bb7 14. Rfc1 Rc8
15. Bb5 Bd6 16. Qa4 a6 17. Bxc6 Rxc6 18. Rxc6 b5 19. Qc2 Bxc6 20. Qxc6 Qc8 21.
Qxd6 Rd8 22. Qc5 Qxc5 23. dxc5 Rc8 24. Bd4 Ne4 25. Nxe4 dxe4 26. Ne5 f6 27. Nd7
Rc7 28. Nb8 Kf7 29. Nxa6 Rc6 30. Nb4 Rc7 31. c6 Ke6 32. Bb6 Rc8 33. Rd1 Kf7 34.
c7 Kg8 35. Rd8+ Rxd8 36. cxd8=Q+ Kf7 37. Bc5 g6 38. Qe7+ Kg8 39. Qe8+ 1-0

[Event "Szachowe Lato Poznan 2011, OPEN"]
[Site "WSUS, Poznan"]
[Date "2011.??.??"]
[Round "4.26"]
[White "Kostecki, Samuel"]
[Black "Palasz, Krzysztof"]
[Result "0-1"]
[WhiteElo "1341"]
[BlackElo "1734"]
[PlyCount "38"]
[EventDate "2011.??.??"]

1. d4 d5 2. c4 e6 3. g3 c6 4. Qc2 Nf6 5. Nf3 Nbd7 6. Bf4 Bb4+ 7. Nbd2 Nh5 8.
Bg5 f6 9. Be3 g6 10. Bh3 Qe7 11. Bh6 dxc4 12. Qxc4 Nb6 13. Qb3 f5 14. O-O Bd6
15. Nc4 Nxc4 16. Qxc4 Nf6 17. Ng5 Ng8 18. Bg7 Qxg7 19. Nxe6 Qf7 0-1